000 00736nam a2200217Ia 4500
003 OSt
005 20260109140017.0
008 220923b |||||||| |||| 00| 0 eng d
020 _a9780823257676
037 _cGeneral Book
040 _aRTL
_cRTL
_beng
041 _2eng
_aeng
084 _aY:3(W:77).3, Q4
_qRTL
100 _aKuiken Kir
_9317030
245 0 _aImagined sovereignties: towards a new political romanticism
260 _aNew York
_bFordham University Press
_c2014
300 _aix,264 p.
_bIncludes bibliographical references and index.
650 _aSociology
_9863396
942 _hY:3(W:77).3, Q4
_cGB
_2CC
_n0
999 _c623709
_d623709